00900nam a22002537a 450000500170000001000130001702000100003003500130004003700160005304000120006908200150008124501100009626000450020627000410025130000200029250000200031265000260033265000310035870000260038970000260041594200240044199900190046595201620048420170124110009.0 aB-079968 c00.00 aB-079968 bCen Lib/Ret aDPLbEN a303.6bGUJ aGujarat after godhra :cedited by ramesh N. Rao [and] Koenraad Elst breal, violence selective outrange / aNew Delhibhar-anand publications c2002 bNew DelhiaF-1211, Chittranjan park  a248p.c21cm(Hb) aIncludes index  aSocial science979660 aViolence z Gujarat917431 aRao, Ramesh N.910518 aElst, Koenraad917432 2ddccENh303.6mGUJ c126398d126398 04104070aLbLd2015-06-25eCen Lib/Retg0.00l0o303.6 GUJpB-079968r2015-06-25 00:00:00t1v0.00w2015-06-25yENzW/d List No. 6860/24 ; dtd 05/08/2020